|
|
|
|
| LEADER |
00000nab a2200000 a 4500 |
| 001 |
vtls008955080 |
| 003 |
SK-MaSNL |
| 005 |
20260303070336.0 |
| 008 |
140403c2006 xo r|p|||||||000 b|slo |
| 015 |
|
|
|a SNBRB2007/03
|2 snkbucl
|
| 038 |
|
|
|a SNKBUCL
|
| 040 |
|
|
|a SNKBUCL
|b slo
|c SNKBUCL
|e AACR2
|
| 041 |
1 |
|
|a slo
|h pol
|
| 044 |
|
|
|a xo
|c SK
|
| 080 |
|
|
|a 821.162.1-1
|2 2001
|
| 100 |
1 |
|
|a Miłobędzka, Krystyna,
|d 1932-
|4 aut
|9 1067656
|
| 245 |
1 |
0 |
|a Po kriku
|c Krystyna Miłobędzka ; vybral a preložil Karol Chmel
|
| 500 |
|
|
|a Blok obsahuje 19 básní bez názvu
|
| 500 |
|
|
|a Poznámka o autorke
|
| 650 |
0 |
7 |
|a reflexívne básne, poľské
|2 snkbucl
|9 73160
|
| 650 |
0 |
7 |
|a básnické miniatúry, poľské
|2 snkbucl
|9 1062264
|
| 700 |
1 |
|
|a Chmel, Karol,
|d 1953-
|4 trl
|9 105159
|
| 773 |
0 |
|
|t Fragment
|g Roč. XX, č. 5-6 (2006), s. 53-58
|x 1336-4316
|
| 852 |
|
|
|a SNK
|b KIS3GCP
|
| 958 |
|
|
|a LX
|
| 958 |
|
|
|a PL
|
| 999 |
|
|
|c 1754955
|d 1756885
|